000 00485nam a22001817a 4500
005 20230905184633.0
008 230707b |||||||| |||| 00| 0 eng d
020 _a9781468304992
082 _a728.37
_bWAL-D
100 _aWalker:Lester
245 _aDesigning A House : The Illustrated Guide to Planning Your Own Home
260 _aNewYork
_bOverlook Press
_c2012
300 _a144
500 _aInclude index
650 _aArchitecture
700 _aLester,Walker
999 _c18893
_d18893